000 00391nam a22001697a 4500
003 MPLRDC
005 20220104142902.0
008 210129b ||||| |||| 00| 0 eng d
082 _a177 YY*
100 _a杨越主编
245 _a在人生的斜坡上
_c
250 _a一版一刷
260 _a
_b广东人民出版社
_c1985
300 _b
650 _a
942 _cBK
_o177 YY*
999 _c34549
_d34539